LEADER 00965nam0 22002531i 450 001 UON00135593 005 20231205102819.90 100 $a20020107d1972 |0itac50 ba 101 $ager 102 $aDE 105 $a|||| 1|||| 200 1 $aMitteilungen der Altorientalischen Gesellschaft: band 12$fheft 3$fKarl Bouda 210 $aOsnabrück$cO. Zeller Verlag$d1972 215 $a23 p.$d23 cm 620 $aDE$dOsnabrück$3UONL000169 686 $aMES II$cMESOPOTAMIA - LINGUISTICA$2A 700 1$aBOUDA$bKarl$3UONV027322$0648560 712 $aZeller$3UONV245988$4650 801 $aIT$bSOL$c20240220$gRICA 899 $aSIBA - SISTEMA BIBLIOTECARIO DI ATENEO$2UONSI 912 $aUON00135593 950 $aSIBA - SISTEMA BIBLIOTECARIO DI ATENEO$dSI MISC MES II 001 $eSI SEM1666 5 001 996 $aMitteilungen der Altorientalischen Gesellschaft: band 12$91314501 997 $aUNIOR LEADER 05185nam 22006614a 450 001 9910964776603321 005 20200520144314.0 010 $a9786612171765 010 $a9781282171763 010 $a1282171763 010 $a9781444311143 010 $a144431114X 035 $a(CKB)2440000000014278 035 $a(EBL)428055 035 $a(OCoLC)630533203 035 $a(SSID)ssj0000302847 035 $a(PQKBManifestationID)11236445 035 $a(PQKBTitleCode)TC0000302847 035 $a(PQKBWorkID)10273318 035 $a(PQKB)10755788 035 $a(MiAaPQ)EBC428055 035 $a(Au-PeEL)EBL428055 035 $a(CaPaEBR)ebr10303797 035 $a(CaONFJC)MIL217176 035 $a(Perlego)2771360 035 $a(EXLCZ)992440000000014278 100 $a20030116d2003 uy 0 101 0 $aeng 135 $aur|n#|||||||| 181 $2rdacontent 182 $2rdamedia 183 $2rdacarrier 200 10$aMechanisms in plant development /$fOttoline Leyser and Stephen Day 205 $a1st ed. 210 $aOxford ;$aMalden, MA $cBlackwell$d2003 215 $a1 online resource (256 pages) $cillustrations 300 $aDescription based upon print version of record. 311 08$a9780865427426 311 08$a0865427429 320 $aIncludes bibliographical references and index. 327 $aMechanisms in Plant Development; Contents; Preface; Introduction; Sources for figures; Chapter 1: An introduction to flowering plants; Alternation of generations; Gametophyte development; Development of the sporophyte; Further reading; Chapter 2: Characteristics of plant development; Plant cells; Larger patterns; Theoretical framework for the study of developmental mechanisms; Conclusions; Further reading; Chapter 3: Cell-intrinsic information; Lineage; Case study 3.1: Laser ablation of cells in the Arabidopsis root tip; Case study 3.2: Green-white-green periclinal chimeras 327 $aCase study 3.3: Mutations affectings division patterns Relationship between age and position; Case study 3.4: Mutations affecting the rate of leaf initiation in Arabidopsis; Conclusions; Further reading; Chapter 4: Primary axis development; Embryonic axes; Case study 4.1: Longitudinal axis of the Fucus embryo; Case study 4.2: Longitudinal axis of the Arabidopsis embryo; Case study 4.3: Radial axis of the Arabidopsis embryo; Conclusions; Further reading; Chapter 5: Axis development in the leaf and flower; Leaves; Case study 5.1: Adaxial-abaxial axis of the leaf 327 $aCase study 5.2: Proximodistal axis of the leaf Case study 5.3: Determinate nature of leaf development; Flowers; Case study 5.4: Radial axis of the flower; Case study 5.5: Adaxial-abaxial axis of the Antirrhinum flower; Conclusions; Further reading; Chapter 6: Position relative to a particular cell, tissue or organ; Case study 6.1: The pattern of trichomes on the Arabidopsis leaf; Case study 6.2: The pattern of root hairs in Arabidopsis; Case study 6.3: Phyllotaxy; Case study 6.4: Coordination of leaf and vascular development; Conclusions; Further reading; Chapter 7: Light; Light perception 327 $aDevelopmental responses to light Case study 7.1: Light-induced germination; Case study 7.2: Seedling etiolation and photomorphogenesis; Case study 7.3: Shade escape; Case study 7.4: Phototropism; Case study 7.5: Photoperiodic control of flowering; Conclusions; Further reading; Chapter 8: Environmental information other than light; Case study 8.1: Gravitropism; Case study 8.2: Thigmomorphogenesis; Case study 8.3: Effects of uneven nutrient supply on root development; Case study 8.4: Vernalization; Conclusions; Further reading; Chapter 9: The coordination of development 327 $aCase study 9.1: Initiation and maintenance of the shoot apical meristem Case study 9.2: Transition from embryonic to post-embryonic development; Case study 9.3: Phase transitions in post-germination development; Case study 9.4: Shoot branching; Conclusions; Further reading; Chapter 10: A comparison of plant and animal development; Control of cell fate; Development of pattern; Consequences of autotrophy versus heterotrophy; Conclusions; Further reading; Index 330 $aIntended for undergraduate and graduate courses in plant development, this book explains how the cells of a plant acquire and maintain their specific fates. Plant development is a continuous process occurring throughout the life cycle, with similar regulatory mechanisms acting at different stages and in different parts of the plant. Rather than focussing on the life cycle, the book is structured around these underlying mechanisms, using case studies to provide students with a framework to understand the many factors, both environmental and endogenous, that combine to regulate development and g 606 $aPlants$xDevelopment 615 0$aPlants$xDevelopment. 676 $a571.8/2 700 $aLeyser$b Ottoline$01807537 701 $aDay$b Stephen$01807538 801 0$bMiAaPQ 801 1$bMiAaPQ 801 2$bMiAaPQ 906 $aBOOK 912 $a9910964776603321 996 $aMechanisms in plant development$94357323 997 $aUNINA LEADER 02128oas 2200841 a 450 001 9910140526803321 005 20251106213014.0 011 $a1467-8381 035 $a(DE-599)ZDB2009850-9 035 $a(OCoLC)40336090 035 $a(CONSER) 2003252399 035 $a(CKB)963017756179 035 $a(EXLCZ)99963017756179 100 $a19981117a19879999 sy 101 0 $aeng 135 $aurmnu|||||||| 181 $ctxt$2rdacontent 182 $cc$2rdamedia 183 $acr$2rdacarrier 200 00$aAsian economic journal 210 $a[Oxford] $cBlackwell Pub 215 $a1 online resource 300 $aRefereed/Peer-reviewed 311 08$a1351-3958 531 00$aAsian econ j 606 $aEconomic history$2fast$3(OCoLC)fst00901974 606 $aDesenvolupament econòmic$2thub 606 $aECONOMIC CONDITIONS$2unbist 606 $aASIA$2unbist 607 $aAsia$xEconomic conditions$y1945-$vPeriodicals 607 $aAsie$xConditions e?conomiques$y1945-$vPe?riodiques 607 $aAsia$2fast$1https://id.oclc.org/worldcat/entity/E39PBJxMpyjKQ9Jtm3jkjPBgKd 607 $aÀsia$2thub 608 $aPeriodicals.$2fast 608 $aPeriodicals.$2lcgft 608 $aRevistes electròniques.$2thub 615 7$aEconomic history. 615 7$aDesenvolupament econòmic. 615 17$aECONOMIC CONDITIONS. 615 17$aASIA. 676 $a330.95 712 02$aEast Asian Economic Association, 801 0$bF#A 801 1$bF#A 801 2$bOCL 801 2$bOCLCQ 801 2$bWAU 801 2$bOCLCQ 801 2$bMUQ 801 2$bOCL 801 2$bNYDWH 801 2$bOCLCQ 801 2$bOCLCF 801 2$bSCB 801 2$bVT2 801 2$bOCLCQ 801 2$bNLE 801 2$bOCLCQ 801 2$bUKMGB 801 2$bOCLCQ 801 2$bNJT 801 2$bOCLCO 801 2$bOCLCQ 801 2$bUEJ 801 2$bUBY 801 2$bOCLCL 801 2$bSXB 801 2$bOCLCL 801 2$bOCLCQ 906 $aJOURNAL 912 $a9910140526803321 996 $aAsian economic journal$92260595 997 $aUNINA